Prevencion de Lavado de Activos y Financiamiento del terrorismo: (Record no. 5312)
[ view plain ]
| 000 -CABECERA | |
|---|---|
| campo de control de longitud fija | 00640nam a22001457a 4500 |
| 020 ## - NUMERO INTERNACIONAL NORMALIZADO PARA LIBROS (ISBN) | |
| International Standard Book Number | 9789878459219 |
| 080 ## - NUMERO DE CLASIFICACION DECIMAL UNIVERSAL (CDU) | |
| Número de la Clasificación Decimal Universal | 343.359 F 663 |
| 100 ## - ASIENTO PRINCIPAL--NOMBRE PERSONAL | |
| Nombre personal | Flores Dapkevicius, Ruben |
| 245 ## - MENCION DE TITULO | |
| Título propiamente dicho | Prevencion de Lavado de Activos y Financiamiento del terrorismo: |
| Parte restante del título | leyes 19574 y 19749 |
| 260 ## - PUBLICACION, DISTRIBUCION, ETC. (PIE DE IMPRENTA) | |
| Lugar de publicación, distribución, etc. | Buenos Aires: |
| Nombre del editor, distribuidor, etc. | IJ Editores |
| Fecha de publicación, distribución, etc. | 2021 |
| 300 ## - DESCRIPCION FISICA | |
| Extensión | 190 P. |
| 650 ## - ASIENTO SECUNDARIO DE MATERIA - TERMINO TEMATICO | |
| Subdivisión general | derecho penal |
| -- | lavado de activos |
| -- | GAFI |
| -- | criptomonedas |
| -- | big data |
| -- | bitcoin |
| -- | blockchain |
| -- | ley 19574 |
| -- | ley antiterrorismo |
| -- | derecho comunitario |
| -- | blanqueo de capitales |
| -- | leyes 19749 |
| -- | derecho administrativco economico |
| -- | administracion publica estatal 4.0 |
| 942 ## - ELEMENTOS AGREGADOS (KOHA) | |
| Clasificación normalizada de Koha para alfabetizar | _ |
| 945 ## - INFORMACION DE PROCESAMIENTO LOCAL | |
| Responsable de carga/modificación | Celeste Delía |
| AAAA-MM-DD - Fecha de ingreso/modificación | 2023-07-07 |
| Retirado | Perdido | Fuente de clasificación | Dañado | No se presta | Ubicación permanente | Locación actual | Estante o sala | Fecha de adquisición | Total préstamos | Signatura topográfica | Inventario | Ultima fecha vista | Fecha del precio | Tipo de item de Koha |
|---|---|---|---|---|---|---|---|---|---|---|---|---|---|---|
| Bib. Derecho | Bib. Derecho | Sala de Lectura | 07/07/2023 | 343.359 F 663 | 204389 | 07/07/2023 | 07/07/2023 | LIBRO (Consulta) |
